000 03512nam a22005295i 4500
001 ssj0002288987
003 WaSeSS
005 20230425105926.0
006 m d
007 cr n
008 200228s2020 xxu| o |||| 0|eng d
020 _a9781484256046
024 7 _a10.1007/978-1-4842-5605-3
_2doi
040 _dWaSeSS
_cAIMIT LIBRARY
050 4 _aQA76.7-76.73
050 4 _aQA76.76.C65
072 7 _aUMX
_2bicssc
072 7 _aCOM051010
_2bisacsh
072 7 _aUMX
_2thema
072 7 _aUMC
_2thema
082 0 4 _a004.6P
_21
_bROTW
092 _aEBOOK
100 1 _aRothwell, William "Bo"
_992345
245 1 0 _aPro Perl Programming
_bFrom professional to advanced /
_cBy William "Bo" Rothwell.
250 _a1st ed.
260 _aBerkeley, CA :
_bApress :
_bImprint: Apress,
_c2020.
300 _axix, 325 p. 107 illus.
_bPB:
_c25.5 cm.
347 _atext file
_bPDF
_2rda
505 0 _a1. Intermediate Regular Expressions -- 2. Advanced Regular Expressions -- 3. Advanced Features -- 4. Advanced Formatted Output -- 5. Exploring Useful Built-in Variables -- 6. Advanced File Handling -- 7. Pragmas -- 8. Exploring Useful Built-in Modules -- 9. Debugging Tools -- 10. Perl/TK Basics -- 11. Perl TK Widgets -- 12. Geometry Managers.
506 _aRequires an SPL library card.
520 _aMaster intermediate to advanced techniques of the Perl programming language starting with a focus on regular expressions and some of their advanced features. This book then covers other pro-level features, including formatted output, file handling, and more. Additionally, you'll learn and explore the most useful built-in variables, pragmas, and modules available in the Perl language. Furthermore, you'll work with geometry managers and get a thorough treatment of graphical user interface development using Perl/TK and widgets. Lastly, you'll cover debugging techniques. Pro Perl Programming is a professional-level reference guide on Perl and includes important aspects of it that you need as a professional programmer. You will: Program regular expressions including atoms, smartmatch operators, and more Use advanced features such as HiRes Time, slurp() functions, Critic, Tidy and many more functions Handle advanced formatted output such as printf and sprintf Explore useful built-in variables, including status variables, separator variables, and the signal handle variable Explore and use Perl's built-in modules, including the Pragma modules Work with Perl/TK and its widgets-like geometry managers, frames, labels, buttons, check buttons, radio buttons, scrollbars, scales, entries, and menus.
538 _aMode of access: World Wide Web.
650 0 _aProgramming languages
_992346
650 0 _aOpen source software
_992347
650 0 _aComputer programming
_992348
655 7 _aElectronic books.
_2local
_992349
710 2 _aSpringerLink (Online service)
_992350
710 2 _aO'Reilly (Firm)
_992351
710 2 0 _aSerials Solutions
_992352
773 0 _tSpringer eBooks
776 0 8 _iPrinted edition:
_z9781484256046
776 0 8 _iPrinted edition:
_z9781484256060
856 4 0 _yView this electronic item in O'Reilly Online Learning: Academic/Public Library Edition.
_uhttps://ezproxy.spl.org/login?url=https://learning.oreilly.com/library/view/~/9781484256053/?ar
_zAn e-book available through full-text database.
942 _2ddc
_cBK
_e1st
_k004.6P ROTW
999 _c227265
_d227265
999 _b03658948